|
|
|
|
| LEADER |
00000cas a22000004a 4500 |
| 001 |
vtls001347659 |
| 003 |
SK-MaSNL |
| 005 |
20260221112411.0 |
| 008 |
981105d19531970xr mr p 0 0b0swe c |
| 035 |
|
|
|a SNK000300925
|
| 040 |
|
|
|a SNK
|b slo
|c SNK
|e AACR2
|
| 245 |
0 |
0 |
|a Livet i Tjeckoslovakien
|
| 260 |
|
|
|a Praha
|b Orbis
|c 1953-1970
|
| 310 |
|
|
|a 1x mesačne
|
| 910 |
|
|
|a snk
|
| 999 |
|
|
|c 258
|d 2188
|
| 952 |
|
|
|0 0
|1 1
|4 0
|7 0
|a SNK
|b SNK
|d 2000-05-22
|l 0
|o snkČB 1899/24/1969
|p 17A0238934
|r 2005-01-02 00:00:00
|t č. 1-12
|w 2026-02-21
|y PREZ
|
| 952 |
|
|
|0 0
|1 1
|4 0
|7 0
|a SNK
|b SNK
|d 1998-11-05
|l 0
|o snkČB 1899/22/1967
|p 17A0167044
|r 2005-01-02 00:00:00
|t č. 1-12
|w 2026-02-21
|y PREZ
|